Logistika na prahu globalizace
Vymedzenie pojmu World class logistics (Svetová trieda logistiky). Atribúty World class logistics. České podniky a logistický systém. Základné znaky logistického reengineeringu vo vyspelých krajinách.
Salvato in:
| Autore principale: | |
|---|---|
| Natura: | Capitolo di libro |
| Lingua: | ceco |
| Soggetti: | |
| Tags: |
Nessun Tag, puoi essere il primo ad aggiungerne!!
|
MARC
| LEADER | 00000naa a2200000 4500 | ||
|---|---|---|---|
| 001 | r033697 | ||
| 005 | 20230922090324.2 | ||
| 041 | 0 | |a cze | |
| 044 | |a CZ | ||
| 245 | 1 | 0 | |a Logistika na prahu globalizace |c Petr Pernica |
| 520 | |a Vymedzenie pojmu World class logistics (Svetová trieda logistiky). Atribúty World class logistics. České podniky a logistický systém. Základné znaky logistického reengineeringu vo vyspelých krajinách. | ||
| 610 | 2 | 0 | |a logistika |
| 610 | 2 | 0 | |a globalizácia |
| 610 | 2 | 0 | |a konkurencia |
| 610 | 2 | 0 | |a podnik |
| 610 | 2 | 0 | |a podnikanie |
| 610 | 2 | 0 | |a náklady dopravné |
| 610 | 2 | 0 | |a znižovanie nákladov |
| 610 | 2 | 0 | |a služby dopravné |
| 610 | 2 | 0 | |a reengineering |
| 610 | 2 | 0 | |a siete dopravné |
| 610 | 2 | 0 | |a Česko |
| 610 | 2 | 0 | |a Európa |
| 100 | 1 | |a Pernica, Petr | |